Catalog

Record Details

Catalog Search



Available copies

  • 1 of 1 copy available at LARL/NWRL Consortium.
  • 1 of 1 copy available at Northwest Regional Library. (Show preferred library)

Current holds

0 current holds with 1 total copy.

Show Only Available Copies
Location Call Number / Copy Notes Barcode Shelving Location Status Due Date
Thief River Falls Public Library ya POR (Text) 35500005467855 Main Available -

Record details

  • ISBN: 9780385736183 (hc)
  • ISBN: 0385736185 (hc)
  • ISBN: 9780385905916 (glb)
  • ISBN: 0385905912 (glb)
  • Physical Description: pages cm
  • Edition: First edition.
  • Publisher: New York : Delacorte Press, 2014.

Content descriptions

General Note:
Sequel to: King Dork.
Summary, etc.:
With stitches in his head and aftereffects from ... Read More
Subject: Interpersonal relations > Fiction.
High schools > Fiction.
Schools > Fiction.
LDR 01761cam a22004698i 4500
001171515
003LARL_NWRL_CONSORTIUM
00520141028131622.0
008131113s2014 nyu d 000 1 eng
010 . ‡a2013042885
020 . ‡a9780385736183 (hc)
020 . ‡a0385736185 (hc)
020 . ‡a9780385905916 (glb)
020 . ‡a0385905912 (glb)
020 . ‡z9780375985676 (el)
035 . ‡a(OCoLC)863381614
040 . ‡aDLC ‡beng ‡erda ‡cDLC ‡dYDXCP ‡dBDX
042 . ‡apcc ‡alcac
05000. ‡aPZ7.P8373 ‡bKk 2014
08200. ‡a[Fic] ‡223
1001 . ‡aPortman, Frank. ‡0(LARL_NWRL_CONSORTIUM)193988
24510. ‡aKing Dork approximately ‡n#2 / ‡cFrank Portman.
250 . ‡aFirst edition.
260 . ‡aNew York : ‡bDelacorte Press, ‡c2014.
300 . ‡apages cm
336 . ‡atext ‡2rdacontent
337 . ‡aunmediated ‡2rdamedia
338 . ‡avolume ‡2rdacarrier
4900 . ‡aKing Dork ; ‡v2
500 . ‡aSequel to: King Dork.
520 . ‡aWith stitches in his head and aftereffects from surgery, Tom Henderson finds some of his most deeply-held beliefs shattering but, somehow, "makes out" with at least two girls by the end of tenth grade.
650 1. ‡aInterpersonal relations ‡vFiction. ‡0(LARL_NWRL_CONSORTIUM)165331
650 1. ‡aHigh schools ‡vFiction. ‡0(LARL_NWRL_CONSORTIUM)169592
650 1. ‡aSchools ‡vFiction. ‡0(LARL_NWRL_CONSORTIUM)167222
948 . ‡hNO HOLDINGS IN LAL - 18 OTHER HOLDINGS
994 . ‡aZ0 ‡bLAL
901 . ‡a171515 ‡bOCLC ‡c171515 ‡tbiblio

Additional Resources